000 00513nam a2200181Ia 4500
005 20250326124156.0
008 250326s9999 xx 000 0 und d
037 _aTextbook
040 _aFMSL
_beng
_cFMSL
041 _aeng
_2eng
084 _aX:51f K6
_qFMSL
100 _aGreen P E
_9350681
245 0 _aResearch for marketing decisions
_cGreen P E; Tull D S
260 _aNew Jersey
_bNew Jersey, Prentice-Hall
_c1966
300 _a532p
942 _cTB
_hX:51f K6
999 _c1272598
_d1272598